000 00241nam a22000857a 4500
008 160823b xxu||||| |||| 00| 0 eng d
100 _9220
_aWilco publishing
245 _aIllustrated book of Amazing Facts
260 _aMumbai
_bWilco publishing
_c2011
999 _c2877
_d2877